Bách khoa phần cứng máy tính /
Sách gồm 48 chương và phần phụ lục, trình bày tất cả các vấn đề về xử lý sự cố, bảo trì và sửa chữa máy tính từ các sự cố monitor, CPU, bộ nhớ cho đến các vấn đề về bộ pin, BIOS, CMOS, bàn phím, chuột, modem, motherboard..
Đã lưu trong:
| Tác giả chính: | |
|---|---|
| Tác giả khác: | , |
| Định dạng: | Sách |
| Ngôn ngữ: | Vietnamese |
| Được phát hành: |
[Tp.HCM] :
Thống kê,
2002.
|
| Những chủ đề: | |
| Các nhãn: |
Thêm thẻ
Không có thẻ, Là người đầu tiên thẻ bản ghi này!
|
| Thư viện lưu trữ: | Mạng thư viện Đại học Đà Nẵng |
|---|
| LEADER | 01481cam a2200373 a 4500 | ||
|---|---|---|---|
| 001 | 000043846 | ||
| 003 | 1931 | ||
| 005 | 20060505095716.0 | ||
| 008 | 010217b2002 vm 000 vie | ||
| 020 | |c 230000 | ||
| 040 | |a LRC |c LRC |d LRC | ||
| 041 | 0 | |a vie | |
| 082 | 1 | 4 | |a 004.6403 |b NG-T |
| 100 | 1 | |a Nguyễn Hoàng Thanh. | |
| 245 | 1 | 0 | |a Bách khoa phần cứng máy tính / |c Nguyễn Hoàng Thanh, Phương Bình, Bích Thủy. |
| 260 | |a [Tp.HCM] : |b Thống kê, |c 2002. | ||
| 300 | |a 1735 tr. ; |c 24 cm. + |e 1 CD-ROM. | ||
| 520 | 3 | |a Sách gồm 48 chương và phần phụ lục, trình bày tất cả các vấn đề về xử lý sự cố, bảo trì và sửa chữa máy tính từ các sự cố monitor, CPU, bộ nhớ cho đến các vấn đề về bộ pin, BIOS, CMOS, bàn phím, chuột, modem, motherboard.. | |
| 630 | 0 | 4 | |a Phần cứng máy tính. |
| 650 | 0 | 4 | |a Phần cứng máy tính. |
| 700 | 1 | |a Phương Bình. | |
| 700 | 1 | |a Bích Thủy. | |
| OWN | |a DUT | ||
| AVA | |a UDN50 |b DUT |c Book |d 004.6403 NG-T |e available |t Error 5001 Not defined in file expand_doc_bib_avail. |f 5 |g 0 |h N |i 0 |j SH |k 1 | ||
| 999 | |a From the UDN01 | ||
| AVA | |a UDN50 |b DUT |c Book |d 004.6403 NG-T |e available |t Error 5001 Not defined in file expand_doc_bib_avail. |f 5 |g 0 |h N |i 0 |j SH |k 1 | ||
| TYP | |a Monograph | ||
| TYP | |a Printed language | ||
| 980 | |a Mạng thư viện Đại học Đà Nẵng | ||